MARC

LEADER 00000nam0a2200000 4500
001 677522
005 20241217160642.0
090 |a 677522 
100 |a 20241217d1979 km|y0rusy50 ca 
101 0 |a rus 
102 |a RU 
105 |a a z 001yy 
181 0 |a i   |b  e  
182 0 |a n 
183 0 |a nc  |2 RDAcarrier 
200 1 |a Химическая профилактика радиационных поражений  |f А. С. Мозжухин, Ф. Ю. Рачинский 
203 |a Текст  |b визуальный  |c непосредственный 
205 |a 2-е изд., перераб. и доп. 
210 |a Москва  |c Атомиздат  |d 1979 
215 |a 192 с.  |c ил. 
283 |a volume  |2 RDAcarrier 
320 |a Список литературы: с. 169-189 
606 1 |a Гигиена радиационная  |9 34335 
610 1 |a химическая защита 
610 1 |a радиопротекторы 
610 1 |a радиационные поражения 
610 1 |a облучение 
610 1 |a рентгеновское облучение 
675 |a 613.648  |v 4 
700 1 |a Мозжухин  |b А. С.  |g Александр Сергеевич 
701 1 |a Рачинский  |b Ф. Ю.  |g Фома Юрьевич 
801 0 |a RU  |b 63413507  |c 20241217 
830 |a Ретро2024Каталогизация Мотырева 
850 |a 63413507 
942 |c BK